Datum a čas kvízu
28.5
Celkem bodů
Celkový počet nahraných bodů na tomto kvízu bez doplňovacích otázek.
8.
Pořadí na kvízu
Konečné umístění týmu na tomto kvízu.
Zaznamenané odpovědi
| # | Otázka | Odpověď | Body | Výsledky |
|---|---|---|---|---|
| 1. | Minulý týden policie informova... | škvor | 1 | |
| 2. | Ve kterém městě byl minulý týd... | v Abú Dhabí | 0 | |
| 3. | Jedna televizní stanice ukonči... | MTV | 1 | |
| 4. | Kořist v hodnotě přibližně 30... | v Německu | 1 | |
| 5. | V průběhu prosince probíhalo m... | Luke Littler | 1 | |
| 6. | Mezi nejúspěšnější sourozence... | 2000; 2012 | 0 | |
| 7. | Pouhých 65 setin sekundy od me... | Petr; Martin | 0.5 | |
| 8. | Opomenout v tomto tématu nesmí... | 7,5 km; 6 km | 0 | |
| 9. | Nyní bude vaším úkolem uhodnou... | v triatlonu | 0 | |
| 10. | Na závěr se podíváme na krasob... | B) USA | 0 |